00305nam a2200133Ia 45000030006000000080041000060400015000471000019000622450042000812500010001232600009001335460012001420050017001540STCL150530s9999 xx 000 0 und d aSTCLcSTCL aCourtney, W.L. aLife and writings of John Stuart Mill aFirst c1888 aEnglish20220125171151.0